Obchod Európskej únie s trvalo udržateľnými komoditami v kontexte klimatickej krízy bakalárska práca

Gespeichert in:
Bibliographische Detailangaben
1. Verfasser: Zlatoš, Radoslav
Körperschaft: Obchodná fakulta EU. Katedra medzinárodného obchodu
Weitere Verfasser: Smolková, Sára, 1998-
Format: Buch
Sprache:Slowakisch
Veröffentlicht: Bratislava 2025
Tags: Tag hinzufügen
Keine Tags, Fügen Sie das erste Tag hinzu!

MARC

LEADER 00000nbm a2200000 4500
001 0311119
005 20251106102203.6
041 0 |a slo 
044 |a SK 
245 1 0 |a Obchod Európskej únie s trvalo udržateľnými komoditami v kontexte klimatickej krízy  |b bakalárska práca  |c Radoslav Zlatoš ; školiteľ: Sára Smolková 
264 1 |a Bratislava  |c 2025 
300 |a 43 s. 
100 1 |a Zlatoš, Radoslav 
700 1 |a Smolková, Sára, 1998- 
710 2 |a Obchodná fakulta EU. Katedra medzinárodného obchodu